000
00302nam a2200109Ia 4500
008
200302s9999 xx 000 0 und d
100
_a
Harold J. Rosen & Others
245
_a
Architectural Materials for Construction
260
_b
Mcgraw- hill International Book co.,
260
_c
1985
300
_a
319 P.,
999
_c
1420
_d
1420